|
|
|
|
| LEADER |
00000nab a2200000 a 4500 |
| 001 |
vtls010466239 |
| 003 |
SK-MaSNL |
| 005 |
20260304112555.0 |
| 008 |
121106 2012 xo m n 000 0 slo |
| 038 |
|
|
|a PPPK
|
| 040 |
|
|
|a PPPKCL
|b slo
|c PPPKCL
|e AACR2
|
| 041 |
|
|
|a slo
|
| 044 |
|
|
|a xo
|c SK
|
| 080 |
|
|
|a 373.3
|x (437.67)
|2 2001
|
| 080 |
|
|
|a 334.716
|2 2001
|
| 100 |
1 |
|
|a Potočná, Eva
|4 aut
|9 324088
|
| 245 |
1 |
0 |
|a Exkurzia deviatakov
|c Text a foto: Eva Potočná
|
| 300 |
|
|
|b Fotogr.
|
| 610 |
2 |
7 |
|a Základná škola, Mierová ulica (Svit, Slovensko)
|2 pppkcl
|9 1040321
|
| 610 |
2 |
7 |
|a Chemosvit (Svit, Slovensko)
|2 pppkcl
|9 269229
|
| 650 |
0 |
7 |
|a základné školy
|2 pppkcl
|9 1280
|
| 650 |
0 |
7 |
|a priemyselné podniky
|2 pppkcl
|9 2346
|
| 650 |
0 |
7 |
|a návštevy
|2 pppkcl
|9 726269
|
| 651 |
|
7 |
|a Svit (Slovensko)
|2 pppkcl
|9 29648
|
| 651 |
|
7 |
|a Poprad (Slovensko : okres)
|2 pppkcl
|9 28675
|
| 773 |
0 |
|
|t Chemosvit
|g Roč. 38, č. 5 (2012), s. 16
|
| 852 |
|
|
|a PPPK
|b KIS3GCP
|
| 999 |
|
|
|c 2866331
|d 2868261
|